THE SCOTTS - Travis Scott & Kid Cudi (Full lyrics) - Statistics

General Stats
  • This quiz has been taken 6 times
  • The average score is 147 of 264
Answer Stats
Lyrics % Correct
cops
100%
hey
100%
house,
100%
house
100%
huh,
100%
Nigga,
100%
out,
100%
out
100%
outside
100%
SCOTTS
100%
the
100%
THE
100%
uh
100%
uh,
100%
up
100%
go
83%
go,
83%
Let's
83%
Lock
83%
see
83%
We
83%
a
67%
Ain't
67%
and,
67%
and
67%
And
67%
from
67%
he
67%
I
67%
it
67%
it"
67%
it,
67%
Like
67%
no
67%
on
67%
On
67%
Porsche
67%
that
67%
to
67%
You
67%
your
67%
all
50%
bitches,
50%
body,
50%
'Cause
50%
control
50%
controllin'
50%
heard
50%
Heard
50%
high
50%
hood
50%
hype
50%
in
50%
It's
50%
keep
50%
leave
50%
me
50%
me,
50%
Move
50%
my
50%
of
50%
panini
50%
phony
50%
Right
50%
runnin'
50%
She
50%
she
50%
so
50%
some
50%
Some
50%
straight
50%
Straight
50%
street
50%
team
50%
Tell
50%
these
50%
these,
50%
They
50%
they
50%
this
50%
Took
50%
want
50%
where
50%
Adobe,
33%
Air
33%
"Beat
33%
been
33%
bleed
33%
bourbon
33%
boy,
33%
couch
33%
don't
33%
double
33%
dreams
33%
drink
33%
drought,
33%
dry
33%
floodin'
33%
flows
33%
for
33%
gang
33%
gold
33%
got
33%
gotta
33%
help
33%
I've
33%
know
33%
lettin'
33%
lot
33%
mad
33%
made
33%
make
33%
makin'
33%
many
33%
mic
33%
mimosa-sa
33%
mouth
33%
never
33%
niggas
33%
Niggas
33%
over
33%
Photoshoppin'
33%
put
33%
scouts
33%
shit
33%
tats
33%
there
33%
things,
33%
Time
33%
time
33%
top
33%
veins
33%
way
33%
way,
33%
went
33%
what
33%
With
33%
with
33%
Without
33%
add
17%
added
17%
anywhere
17%
bread,
17%
Bring
17%
cinema
17%
Cleveland
17%
dealin'
17%
done
17%
'em
17%
givin'
17%
goods
17%
havin'
17%
Headed
17%
heat,
17%
heat
17%
howdy
17%
hustle,
17%
math,
17%
minute
17%
owned
17%
pay
17%
routes
17%
shots
17%
since
17%
somewhere
17%
though,
17%
visions
17%
Yes,
17%
No matching quizzes found
Score Distribution
Percent of People with Each Score
Percentile by Number Answered
Your Score History
You have not taken this quiz